LEADER 04375nam 2200925 a 450 001 9910463104103321 005 20130802140121.0 010 $a1-60649-483-X 035 $a(CKB)2670000000400435 035 $a(EBL)1294954 035 $a(OCoLC)853623681 035 $a(SSID)ssj0001141697 035 $a(PQKBManifestationID)11757553 035 $a(PQKBTitleCode)TC0001141697 035 $a(PQKBWorkID)11091607 035 $a(PQKB)11758023 035 $a(CaBNVSL)swl00402637 035 $a(MiAaPQ)EBC1294954 035 $a(Au-PeEL)EBL1294954 035 $a(CaPaEBR)ebr10738672 035 $a(CaONFJC)MIL504511 035 $a(EXLCZ)992670000000400435 100 $a20130802d2013 fy 0 101 0 $aeng 135 $aur|n|---||||| 181 $ctxt 182 $cc 183 $acr 200 10$aManaging expatriates$b[electronic resource] $ea return on investment approach /$fYvonne McNulty, Kerr Inkson 205 $a1st ed. 210 $a[New York, N.Y.] (222 East 46th Street, New York, NY 10017) $cBusiness Expert Press$d2013 215 $a1 online resource (264 p.) 225 1 $aHuman resource management and organizational behavior collection,$x1946-5645 300 $aPart of: 2013 digital library. 311 $a1-60649-482-1 320 $aIncludes bibliographical references (p. 215-226) and index. 327 $aPart 1. Expatriation and return on investment -- 1. Basics of expatriation -- 2. Expatriation and ROI -- Part 2. Understanding expatriates -- 3. Expatriate compensation -- 4. Expatriate families -- 5. Global careers -- 6. Expatriate psychological contracts -- Part 3. Managing expatriation using ROI -- 7. A new model of expatriate ROI -- 8. Evaluating expatriate ROI -- 9. Five core principles for effective eROI -- Appendix A. Mobility managers study -- Appendix B. Expatriate employees study -- Appendix C. Trailing spouses study -- Notes -- Glossary -- References -- Index. 330 3 $aExpatriation is a big topic and is getting bigger. Over 200 million people worldwide now live and work in a country other than their country of origin. Tens of billions of dollars are spent annually by organizations that move expatriates around the world. Yet, despite the substantial costs involved, expatriation frequently results in an unsatisfactory return on investment (ROI), with little or no knowledge as to how to improve it. Why is this so? The problem overwhelmingly lies in the poor delivery of effective expatriate management which is frequently handicapped by a lack of understanding of international careers and the forces that drive competition in the "global war for talent," an increasingly short-term profit-driven focus and a failure to adopt the rational strategic approach that organizations automatically apply to other areas of their business. 410 0$a2013 digital library. 410 0$aHuman resource management and organizational behavior collection.$x1946-5645 606 $aForeign workers 606 $aInternational business enterprises$xEmployees 608 $aElectronic books. 610 $aexpatriate 610 $aexpatriation 610 $aexpatriate assignment 610 $aexpatriate compensation 610 $aexpatriate family 610 $aexpatriate management 610 $aexpatriate return on investment 610 $aexpatriate trends 610 $aglobal career 610 $aglobal mobility 610 $aglobal staffing 610 $aglobal war for talent 610 $ahost country nationals (HCNs) 610 $ahuman capital 610 $ainternational assignment 610 $ainternational business 610 $ainternational human resource management 610 $ainternational management 610 $aparent country nationals (PCNs) 610 $apsychological contract 610 $arepatriation 610 $areturn on investment 610 $aROI 610 $astrategic planning 610 $atalent management 615 0$aForeign workers. 615 0$aInternational business enterprises$xEmployees. 676 $a331.62 700 $aMcNulty$b Yvonne$0986026 701 $aInkson$b Kerr$0972945 801 0$bMiAaPQ 801 1$bMiAaPQ 801 2$bMiAaPQ 906 $aBOOK 912 $a9910463104103321 996 $aManaging expatriates$92253749 997 $aUNINA LEADER 05204oam 22009974a 450 001 9910460638103321 005 20211004152645.0 010 $a1-57506-405-7 035 $a(CKB)3710000000570068 035 $a(EBL)4395034 035 $a(SSID)ssj0001601914 035 $a(PQKBManifestationID)16310968 035 $a(PQKBTitleCode)TC0001601914 035 $a(PQKBWorkID)14832205 035 $a(PQKB)10000109 035 $a(PQKBManifestationID)16202871 035 $a(PQKBWorkID)14832206 035 $a(PQKB)25014020 035 $a(MiAaPQ)EBC4395034 035 $a(Au-PeEL)EBL4395034 035 $a(CaPaEBR)ebr11187347 035 $a(OCoLC)945873252 035 $a(OCoLC)1273305818 035 $a(MdBmJHUP)musev2_80859 035 $a(EXLCZ)993710000000570068 100 $a20180312d2016 uy 0 101 0 $aeng 135 $aurcnu|||||||| 181 $ctxt 182 $cc 183 $acr 200 04$aSepphoris II$eThe Clay Lamps of Ancient Sepphoris /$fEric C. Lapp 210 1$aWinona Lake, Indiana :$cEisenbrauns,$d2016. 210 4$d©2016. 215 $a1 online resource (282 p.) 225 0 $aSepphoris Excavation Reports ;$vv. 2 300 $aDescription based upon print version of record. 311 $a1-57506-404-9 320 $aIncludes bibliographical references. 327 $aTitle; Contents; List of Illustrations; Preface; Chapter 1: Introduction; Chapter 2: Local and Regional Types; Chapter 3: Imported Types; Chapter 4: Petrographic and DCP- OES Analysis of Lamps from Sepphoris and the Decapolis; Chapter 5: Regionalism, Trade, and the Sepphoris Marketplace; Chapter 6: Conclusion; Appendix A: Reports of Select Loci; Appendix B: Macroscopic Descriptions of Lamp Samples; Bibliography; Plates 330 0 $a"Sepphoris was an important Galilean site from Hellenistic to early Islamic times. This multicultural city is described by Flavius Josephus as the 'ornament of all Galilee, ' and Rabbi Judah the Prince (ha-Nasi) codified the Mishnah there around 200 CE. The Duke University excavations of the 1980s and 1990s uncovered a large corpus of clay oil lamps in the domestic area of the western summit, and this volume presents these vessels. Richly illustrated with photos and drawings, it describes the various shape-types and includes a detailed catalog of 219 lamps. The volume also explores the origins of the Sepphoris lamps and establishes patterns of their trade, transport, and sale in the lower city's marketplace. A unique contribution is the use of a combined petrographic and direct current plasma-optical emission spectrometric (dcp-oes) analysis of selected lamp fabrics from sites in Israel and Jordan. This process provided valuable information, indicating that lamps found in Sepphoris came from Judea, the Decapolis, and even Greece, suggesting an urban community fully engaged with other regional centers. Lamp decorations also provide information about the cosmopolitan culture of Sepphoris in antiquity. Discus lamps with erotic scenes and mythological characters suggest Greco-Roman influences, and menorahs portrayed on lamps indicate a vibrant Jewish identity"--Provided by publisher. 410 0$aSepphoris excavation reports ;$vvolume 2. 606 $aPottery, Ancient$2fast$3(OCoLC)fst01073658 606 $aManners and customs$2fast$3(OCoLC)fst01007815 606 $aLighting$xSocial aspects$2fast$3(OCoLC)fst00998661 606 $aLamps, Ancient$2fast$3(OCoLC)fst00991184 606 $aCommerce$2fast$3(OCoLC)fst00869279 606 $aCeramic lamps$2fast$3(OCoLC)fst00850972 606 $aAntiquities$2fast$3(OCoLC)fst00810745 606 $aLighting$xSocial aspects$zIsrael$zSepphoris (Extinct city) 606 $aExcavations (Archaeology)$zIsrael$xSepphoris (Extinct city) 606 $aPottery, Ancient$zIsrael$zSepphoris (Extinct city) 606 $aLamps, Ancient$zIsrael$zSepphoris (Extinct city)$vCatalogs 606 $aCeramic lamps$zIsrael$zSepphoris (Extinct city)$vCatalogs 606 $aLamps, Ancient$zIsrael$zSepphoris (Extinct city) 606 $aCeramic lamps$zIsrael$zSepphoris (Extinct city) 607 $aIsrael$zSepphoris (Extinct city)$2fast 607 $aIsrael$2fast 607 $aSepphoris (Extinct city)$xCommerce$zIsrael$xHistory 607 $aSepphoris (Extinct city)$xSocial life and customs 607 $aSepphoris (Extinct city)$xAntiquities 608 $aHistory. 608 $aCatalogs. 608 $aElectronic books. 615 0$aPottery, Ancient. 615 0$aManners and customs. 615 0$aLighting$xSocial aspects. 615 0$aLamps, Ancient. 615 0$aCommerce. 615 0$aCeramic lamps. 615 0$aAntiquities. 615 0$aLighting$xSocial aspects 615 0$aExcavations (Archaeology)$xSepphoris (Extinct city) 615 0$aPottery, Ancient 615 0$aLamps, Ancient 615 0$aCeramic lamps 615 0$aLamps, Ancient 615 0$aCeramic lamps 676 $a933/.45 702 $aLapp$b Eric C. 801 0$bMdBmJHUP 801 1$bMdBmJHUP 906 $aBOOK 912 $a9910460638103321 996 $aSepphoris II$92565343 997 $aUNINA LEADER 06226nam 22007935 450 001 9910409711703321 005 20260223140616.0 010 $a3-030-35683-3 024 7 $a10.1007/978-3-030-35683-5 035 $a(CKB)4100000011126740 035 $a(MiAaPQ)EBC6178006 035 $a(DE-He213)978-3-030-35683-5 035 $a(MiAaPQ)EBC6178003 035 $a(MiAaPQ)EBC29087195 035 $a(EXLCZ)994100000011126740 100 $a20200417d2020 u| 0 101 0 $aeng 135 $aurcnu|||||||| 181 $ctxt$2rdacontent 182 $cc$2rdamedia 183 $acr$2rdacarrier 200 10$aChoice, Preference, and Disability $ePromoting Self-Determination Across the Lifespan /$fedited by Roger J. Stancliffe, Michael L. Wehmeyer, Karrie A. Shogren, Brian H. Abery 205 $a1st ed. 2020. 210 1$aCham :$cSpringer International Publishing :$cImprint: Springer,$d2020. 215 $a1 online resource (375 pages) 225 1 $aPositive Psychology and Disability Series,$x2946-5109 311 08$a3-030-35682-5 327 $aSection 1: Overview of Choice and Preference -- Chapter 1. Choice Availability and People with Intellectual Disability -- Chapter 2. Self-Determination, Preference and Choice -- Chapter 3. Supported Decision Making -- Chapter 4. Reflections on Choice: The Stories of Self-Advocates -- Section 2: Policies, Practices, and Systems that Affect Choice -- Chapter 5. Choice within the Israeli Welfare State: Lessons Learned From Legal Capacity and Housing Services -- Chapter 6. Choice, Preference and Disability: A View from Central and Eastern Europe -- Chapter 7. Choice, Control and Individualized Funding: The Australian National Disability Insurance Scheme -- Chapter 8. Choice and Preference within the Healthcare Context -- Section 3:Choice and Preference Across the Lifespan -- Chapter 9. The Development of Choice-Making and Implications for Promoting Choice and Autonomy for Children and Youth with Intellectual and Developmental Disabilities -- Chapter 10. Preference Assessments, Choice, and Quality of Life for People with Significant Disabilities -- Chapter 11. Choices and Transition from School to Adult Life: Experiences in China -- Chapter 12. Employment Opportunities for People with Intellectual Disabilities -- Chapter 13. Choices, Relationships and Sexuality: Sexual and Reproductive Health and Rights -- Chapter 14. The Choice of Becoming a Parent -- Chapter 15. Adults with Intellectual Disability: Choice and Control in the Context of Family -- Chapter 16. Choice as People Age with Intellectual Disability: An Irish Perspective -- Chapter 17. End-of-Life Choices -- Section 4: Implications for Policy and Practice -- Chapter 18: Policies and Practices to Support Preference, Choice and Self-Determination: An Ecological Understanding. . 330 $aThis book examines choice and preference in the lives of people with disability, focusing on people with intellectual and developmental disabilities. It provides an overview of choice and examines foundational concepts related to choice and preference, including self-determination and supported decision making. Chapters examine a range of critical service and policy issues, such as guardianship, individualized funding, the health care system, and the situation regarding choices for people with disability in international contexts. In addition, chapters explore issues ranging from the development of preference and choice in childhood to choices in older age and end of life matters. It provides in-depth analysis of particular choices faced at different points across the lifespan. The book concludes with implications for policy and practice. Topics featured in this book include: Supported decision making for adults with intellectual disabilities or acquired braininjury. The role of parents and families in the development of choice-making skills. Preference assessments for individuals who cannot tell us what they prefer. Employment opportunities for people with intellectual disabilities. Sexual and reproductive rights for people with intellectual disabilities. Disability and the choice to become a parent. Choice, Preference, and Disability is an essential resource for researchers, professors, clinicians, therapists, and other professionals as well as graduate students in the fields of developmental and positive psychology, rehabilitation, social work, special education, occupational, speech and language therapy, public health, and healthcare policy. 410 0$aPositive Psychology and Disability Series,$x2946-5109 606 $aDevelopmental psychology 606 $aClinical psychology 606 $aRehabilitation 606 $aMentally ill$xRehabilitation 606 $aSocial service 606 $aDevelopmental Psychology 606 $aRehabilitation Psychology 606 $aSocial Work 606 $aPersones amb discapacitat mental$2thub 606 $aElecció (Psicologia)$2thub 606 $aTutela$2thub 606 $aCapacitat jurídica$2thub 606 $aServeis socials per a les persones amb discapacitat$2thub 608 $aLlibres electrònics$2thub 615 0$aDevelopmental psychology. 615 0$aClinical psychology. 615 0$aRehabilitation. 615 0$aMentally ill$xRehabilitation. 615 0$aSocial service. 615 14$aDevelopmental Psychology. 615 24$aRehabilitation Psychology. 615 24$aSocial Work. 615 7$aPersones amb discapacitat mental 615 7$aElecció (Psicologia) 615 7$aTutela 615 7$aCapacitat jurídica 615 7$aServeis socials per a les persones amb discapacitat 676 $a362.3 702 $aStancliffe$b Roger J$4edt$4http://id.loc.gov/vocabulary/relators/edt 702 $aWehmeyer$b Michael L.$4edt$4http://id.loc.gov/vocabulary/relators/edt 702 $aShogren$b Karrie A$4edt$4http://id.loc.gov/vocabulary/relators/edt 702 $aAbery$b Brian H.$4edt$4http://id.loc.gov/vocabulary/relators/edt 801 0$bMiAaPQ 801 1$bMiAaPQ 801 2$bMiAaPQ 906 $aBOOK 912 $a9910409711703321 996 $aChoice, Preference, and Disability$92266207 997 $aUNINA